| 000 | 02868nam2a2200325 4500 | ||
|---|---|---|---|
| 001 | RU\NLR\BIBL_A\011946920 | ||
| 005 | 20260407063028.0 | ||
| 010 | _a50 | ||
| 035 | _a(NLR Aleph) 011946920 | ||
| 090 |
_a11124695 _c11124695 |
||
| 100 | _a20190226d2018 |||y0rusy50 ca | ||
| 101 | 0 | _arus | |
| 102 | _aRU | ||
| 105 | _ay z 000yy | ||
| 200 | 1 |
_aСостояние и проблемы социокультурной интеграции Крыма в Россию, ч. 1 _eматериалы Первого социологического форума, Симферополь, 27-29 мая 2018 г. _fФедерал. н.-и. социол. центр Рос. акад. наук, Рос. о-во социологов, Юж. федерал. ун-т [и др.] _gотв. ред. Ю.Г. Волков, Чигрин В.А. |
|
| 210 |
_d2018 _aБ. м. |
||
| 215 |
_a215 с. _d24 |
||
| 300 | _aВ надзаг. также: Крым. федерал. ун-т им. В.И. Вернадского, Южнорос. фил. Федерал. науч.-исслед. социол. центра Рос. акад. наук, Крым. фил. Федерал. науч.-исслед. социол. центра Рос. акад. наук | ||
| 320 | _aБиблиогр. в конце ст. и в подстроч. примеч. | ||
| 461 | 0 |
_1001RU\NLR\Per\1247825 _12001#$aУченые записки Крымского федерального университета имени В.И. Вернадского$iСоциология. Педагогика. Психология$eнаучный журнал$vТ. 4 (70), спецвып., ч. 1 _911886075 _aКрымский федеральный университет им. В. И. Вернадского (Симферополь) _cСимферополь _d2015 - _iСоциология. Педагогика. Психология _nКрымский федеральный университет _oнаучный журнал _tУченые записки Крымского федерального университета имени В.И. Вернадского _x2413-1709 _vТ. 4 (70), спецвып., ч. 1 |
|
| 606 | 1 |
_aСоциокультурные процессы _jСъезды, совещания и т.п _yКрым, Республика _92396830 _3RU\NLR\AUTH\6601648992 |
|
| 686 | _aТ3(2Р-6Крм)74я431 | ||
| 686 | _aС550.7я431 | ||
| 702 | 1 |
_4340 _7ca _8rus _aВолков _bЮ. Г. _cд-р филос. наук _f1946- _gЮрий Григорьевич _9122945 _3RU\NLR\AUTH\7713252 |
|
| 711 | 1 | 2 |
_a"Состояние и проблемы социокультурной интеграции Крыма в Россию", социологический форум _d1 _eСимферополь _f2018 _9648002 _3RU\NLR\AUTH\880494055 |
| 852 |
_aNLR _jП22/9881 |
||
| 942 | _cISSUE | ||
| 980 | _aNB | ||
| 980 | _aRUSPER | ||